MARC details
| 000 -CABECERA |
| campo de control de longitud fija |
02491nam a2200325 a 4500 |
| 001 - NÚMERO DE CONTROL |
| campo de control |
000028176 |
| 003 - IDENTIFICADOR DEL NÚMERO DE CONTROL |
| campo de control |
OSt |
| 005 - FECHA Y HORA DE LA ÚLTIMA TRANSACCIÓN |
| campo de control |
20250621074007.0 |
| 008 - DATOS DE LONGITUD FIJA--INFORMACIÓN GENERAL |
| campo de control de longitud fija |
110407s2010 dr ac 001 0dspa d |
| 020 ## - NÚMERO INTERNACIONAL ESTÁNDAR DEL LIBRO |
| Número Internacional Estándar del Libro |
9789945457285 |
| 040 ## - FUENTE DE LA CATALOGACIÓN |
| Centro catalogador/agencia de origen |
DO-SdBNP |
| Lengua de catalogación |
spa |
| Centro/agencia transcriptor |
BNPHU |
| 049 ## - FONDOS LOCALES (OCLC) |
| Fondos de biblioteca |
BNPD |
| 082 ## - NÚMERO DE LA CLASIFICACIÓN DECIMAL DEWEY |
| Número de clasificación |
972.93053 |
| Número de documento/Ítem |
D559n |
| 100 1# - ENTRADA PRINCIPAL--NOMBRE DE PERSONA |
| Nombre de persona |
Diederich, Bernard, |
| Fechas asociadas al nombre |
1927- |
| 9 (RLIN) |
45019 |
| 245 10 - MENCIÓN DE TÍTULO |
| Título |
Navidad con libertad : |
| Resto del título |
la lucha por la libertad del pueblo dominicano, 1961 / |
| Mención de responsabilidad, etc. |
Bernard Diederich. |
| 250 ## - MENCIÓN DE EDICIÓN |
| Mención de edición |
[1ª ed. en español] |
| 260 ## - PUBLICACIÓN, DISTRIBUCIÓN, ETC. |
| Lugar de publicación, distribución, etc. |
Santo Domingo : |
| Nombre del editor, distribuidor, etc. |
Sociedad Dominicana de Bibliófilos, |
| Fecha de publicación, distribución, etc. |
2010. |
| 300 ## - DESCRIPCIÓN FÍSICA |
| Extensión |
317 p. : |
| Otras características físicas |
il., retr. ; |
| Dimensiones |
23 cm. |
| 490 1# - MENCIÓN DE SERIE |
| Mención de serie |
Bibliófilos 2000 |
| Designación de volumen o secuencia |
30 |
| 500 ## - NOTA GENERAL |
| Nota general |
Incluye datos biográficos del autor en la contracubierta. |
| 504 ## - NOTA DE BIBLIOGRAFÍA, ETC. |
| Nota de bibliografía, etc. |
Incluye bibliografía y notas al pie de páginas. |
| 505 0# - NOTA DE CONTENIDO CON FORMATO |
| Información miscelánea |
Introducción / |
| Título |
Mataron al Chivo -- |
| -- |
¿El chofer de El Jefe? -- |
| -- |
Una noticia mundial -- |
| -- |
El Obispo O´Reilly: última víctima de Trujillo -- |
| -- |
El alcance letal de El Jefe -- |
| -- |
El Pato: el nuevo dictador -- |
| -- |
El nuevo elenco de personalidades en Ciudad Trujillo -- |
| -- |
La breve visita de la OEA -- |
| -- |
Sacha Volman, hombre de avance del PRD -- |
| -- |
Visita al siquiatra -- |
| -- |
Regresan los exiliados del PRD -- |
| -- |
Los partidos políticos. Movimiento Popular Dominicano -- |
| -- |
De la frontera a Ciudad Trujillo -- |
| -- |
¿Presidente títere? -- |
| -- |
La Sosúa judía tiene víctimas -- |
| -- |
Mataron a Bermúdez -- |
| -- |
Balaguer pronostica una guerra civil -- |
| -- |
Batalla de las sanciones: ¡Basta ya! -- |
| -- |
Castro dicta la política -- |
| -- |
Trato secreto con los hombres de Kennedy -- |
| -- |
Profesor Juan Bosch, el patriota errante -- |
| -- |
¿Golpe de Estado o coalición? -- |
| -- |
Vacaciones para Petán y Negro -- |
| -- |
Destruyendo el pasado -- |
| -- |
Las cabezas hablantes -- |
| -- |
El cortejo de la prensa extranjera -- |
| -- |
Llorando en su Whisky Chivas Regal. El fin de Ramfis -- |
| -- |
Asesinaron y se despidieron -- |
| -- |
Perdura la mentalidad de censura -- |
| -- |
Mi cárcel fronteriza -- |
| -- |
Navidad con libertad -- |
| -- |
Amistades que lo arriesgaron todo -- |
| -- |
Héroe por un sólo día -- |
| -- |
El golpe de Rodríguez Echavarría -- |
| -- |
Fin del Club del Dictador -- |
| Información miscelánea |
Índice de nombres. |
| 600 10 - PUNTO DE ACCESO ADICIONAL DE MATERIA--NOMBRE DE PERSONA |
| Nombre de persona |
Trujillo Molina, Rafael Leónidas, |
| Fechas asociadas al nombre |
1891-1961 |
| Subdivisión general |
Muerte |
| 9 (RLIN) |
10869 |
| 650 #4 - PUNTO DE ACCESO ADICIONAL DE MATERIA--TÉRMINO DE MATERIA |
| Término de materia o nombre geográfico como elemento de entrada |
Homicidio político |
| Subdivisión geográfica |
República Dominicana |
| 9 (RLIN) |
11383 |
| 651 #0 - PUNTO DE ACCESO ADICIONAL DE MATERIA--NOMBRE GEOGRÁFICO |
| Nombre geográfico |
República Dominicana -- |
| Subdivisión general |
Historia -- |
| Subdivisión cronológica |
1961- |
| 9 (RLIN) |
6572 |
| 651 #0 - PUNTO DE ACCESO ADICIONAL DE MATERIA--NOMBRE GEOGRÁFICO |
| Nombre geográfico |
República Dominicana |
| Subdivisión general |
Política y gobierno |
| 9 (RLIN) |
45 |
| 830 #0 - PUNTO DE ACCESO ADICIONAL DE SERIE-TÍTULO UNIFORME |
| Título uniforme |
Bibliófilos 2000 |
| Número de parte o sección de la obra |
30 |
| 9 (RLIN) |
55177 |
| 910 ## - DATOS DE OPCIÓN DEL USUARIO (OCLC) |
| Datos de opción del usuario |
Validado. Control de calidad EMS |
| 942 ## - ELEMENTOS DE PUNTO DE ACCESO ADICIONAL (KOHA) |
| Fuente del sistema de clasificación o colocación |
Dewey Decimal Classification |
| Tipo de ítem Koha |
Libro |